Bergin and Garfield's Handbook of Psychotherapy and Behavior Change / Fifth Edition (Record no. 97)
[ view plain ]
| 000 -LEADER | |
|---|---|
| fixed length control field | 01641cam a22002054a 4500 |
| 005 - ΗΜΕΡΟΜΗΝΙΑ ΚΑΙ ΩΡΑ ΤΕΛΕΥΤΑΙΑΣ ΕΝΗΜΕΡΩΣΗΣ | |
| Πεδίο ελέγχου | 20250605163923.0 |
| 008 - FIXED-LENGTH DATA ELEMENTS--GENERAL INFORMATION | |
| Πεδίο ελέγχου σταθερού μήκους | 250528s ||||||||||||||||||||||||d |
| 035 ## - SYSTEM CONTROL NUMBER | |
| System control number | 14467 |
| 020 ## - ISBN | |
| ISBN | 471377554 |
| 040 ## - ΠΗΓΗ ΚΑΤΑΛΟΓΟΓΡΑΦΗΣΗΣ | |
| Φορέας πρωτότυπης καταλογογράφησης | MC Athens Campus Library |
| Γλώσσα καταλογογράφησης | Ελληνικά, Μοντέρνα (1453-) |
| Modifying agency | MC Athens Campus Library |
| Κανόνες περιγραφικής καταλογογράφησης | AACR2 |
| 245 1# - ΤΙΤΛΟΣ ΚΑΙ ΔΗΛΩΣΗ ΥΠΕΥΘΥΝΟΤΗΤΑΣ | |
| Τίτλος | Bergin and Garfield's Handbook of Psychotherapy and Behavior Change / Fifth Edition |
| 250 ## - EDITION STATEMENT | |
| Edition statement | 5th |
| 260 ## - PUBLICATION, DISTRIBUTION, ETC. | |
| Name of publisher, distributor, etc. | Wiley, |
| Date of publication, distribution, etc. | 2004 |
| 300 ## - PHYSICAL DESCRIPTION | |
| Extent | 856 |
| 520 ## - SUMMARY, ETC. | |
| Summary, etc. | The most authoritative thinking on the most pressing questions, issues, and controversies in psychotherapy research and practice. Historical and Methodological and Ethical and Conceptual Foundations, Introduction and Historical Overview, Methodology and Design and Evaluation in Psychotherapy Research, Theoretical Challenges to Therapy Practice and Research: The Constraint of Naturalism, Methodological Issues in Studying Psychotherapy Processes and Outcomes, Evaluating the Ingredients of Therapeutic Efficacy, The Efficacy and Effectiveness of Psychotherapy, The Influence of Client Variables on Psychotherapy, Therapist Variables, Fifty Years of Psychotherapy Process-Outcome Research: Continuity and Change, Major Approaches, Behavior Therapy with Adults, Cognitive and Cognitive Behavioral Therapies, Research on Experiential Psychotherapies, Research on Applications in Special Groups and Settings, Psychotherapy for Children and Adolescents, Health Psychology, Combining Psychotherapy and Psychopharmacology for Treatment of Mental Disorders, Research on Psychotherapy with Culturally Diverse Populations, Index. |
| 700 1# - ΠΡΟΣΘΕΤΗ ΑΝΑΓΡΑΦΗ--ΦΥΣΙΚΟ ΠΡΟΣΩΠΟ | |
| Personal name | Lambert Michael J |
| 9 (RLIN) | 147 |
| 942 ## - ADDED ENTRY ELEMENTS (KOHA) | |
| Koha item type | Books |
| Τύπος τεκμηρίου | Βιβλιοθήκη | Τρέχουσα τοποθεσία | Barcode | Αριθμός εισαγωγής | Ημερομηνία απόκτησης | Ταξιθετικό σύμβολο | Αριθμός αντιτύπου | Κατάσταση απόσυρσης | Κατάσταση χαμένου | Κατάσταση κατεστραμμένου | Μη δανεισμός | Σύνολο δανεισμών | Ημερομηνία τελευταίας εμφάνισης | Η τιμή ισχύει από |
|---|---|---|---|---|---|---|---|---|---|---|---|---|---|---|
| Books | MC Athens Campus Library | MC Athens Campus Library | 9780000000965 | 8686 | 05/06/2025 | 616.8914 LAM | 1 | 05/06/2025 | 05/06/2025 |